| 000 | 00902nas a2200301 4500 | ||
|---|---|---|---|
| 001 | BR0504786 | ||
| 003 | BR-BrBNA | ||
| 005 | 20231205105639.0 | ||
| 007 | ta | ||
| 008 | 230509b bl.|||p| |||| 00| 00por d | ||
| 040 |
_aBR-BrBNA _bpor _cBiblioteca Nacional de Agricultura |
||
| 041 | _a(Pt) | ||
| 072 | _aK70; U40 | ||
| 100 | 1 | _aDeppe, F. | |
| 100 | 1 | _aPaula, E.V. de | |
| 100 | 1 | _aMeneghette, C.R. | |
| 100 | 1 | _aVosgerau, J. | |
| 245 | 1 | _aComparação de índice de risco de incêndio florestal com focos de calor no Estado do Paraná | |
| 650 | _aINCÊNDIO FLORESTAL | ||
| 650 | _aSENSORIAMENTO REMOTO | ||
| 650 | _aCALOR | ||
| 650 | _aANÁLISE COMPARATIVA | ||
| 650 | _aVARIAÇÃO SAZONAL | ||
| 650 | _aPARANÁI | ||
| 773 | 0 |
_tFloresta (Brazil) _xISSN 0015-3826 _g(May-Aug 2004), v. 34(2) p.119-126 _wBR0504786 |
|
| 909 |
_a202311 _bLúcia _c55 _dLúcia Elande |
||
| 942 |
_2AGRIS _n0 _cANA |
||
| 999 |
_c183940 _d183940 |
||